000 00547nam a2200217Ia 4500
003 OSt
005 20220926040507.0
006 a|||||r|||| 00| 0
007 ta
008 220923b |||||||| |||| 00| 0 eng d
037 _cGeneral Book
040 _aRTL
_cRTL
_beng
041 _2eng
_aeng
082 _aX:8F, K5
100 _aRotramel Denny D
_9343731
245 0 _aImproving your accounting practice
260 _c1965
650 _aBudgeting
942 _hX:8F, K5
_cGB
_2CC
999 _c664950
_d664950